00339nam a2200121Ia 4500008004100000041000800041082001800049100002200067245006000089260003500149300002400184365000900208240624s9999 xx 000 0 und d aeng a658.4063 ROB  aROBERTSON DAVIC C aBRICK BY BRICK HOW LEGO REWROTE THE RULES OF INNOVATION c2013aNew YorkbCrown Business axii, 305 p.; 20 cm. cb30